| 000 | 01248nmc a2200433 a 4500 | ||
|---|---|---|---|
| 003 | AR-BaBNM | ||
| 005 | 20251128204239.0 | ||
| 008 | 065019s1993 ||||||||||||||000 | spa|| | ||
| 020 | _a950-40-0104-1 | ||
| 040 | _cAR-BaBNM | ||
| 245 | 1 | 0 |
_aEl desafío de la competitividad _bla industria argentina en transformación |
| 260 |
_aBuenos Aires _bCEPAL _bAlianza Editorial _c1993 |
||
| 300 | 0 |
_a421 p. _btablas |
|
| 490 | 0 |
_aAlianza Estudio _vv. 21 |
|
| 504 | _aBibliografía al final de cada capítulo | ||
| 650 | 4 | _aHISTORIA ECONOMICA | |
| 650 | 4 | _aINDUSTRIA | |
| 650 | 4 | _aDESARROLLO INDUSTRIAL | |
| 650 | 4 | _aECONOMIA INDUSTRIAL | |
| 650 | 4 | _aINDUSTRIALIZACION | |
| 650 | 4 | _aCOMERCIO INTERNACIONAL | |
| 650 | 4 | _aCOMPETITIVIDAD | |
| 650 | 4 | _aPOLITICA ECONOMICA | |
| 650 | 4 | _aPOLITICA INDUSTRIAL | |
| 650 | 4 | _aPOLITICA CIENTIFICA | |
| 650 | 4 | _aEMPRESAS MULTINACIONALES | |
| 650 | 4 | _aECONOMIA INTERNACIONAL | |
| 650 | 4 | _aECONOMIA NACIONAL | |
| 651 | 4 | _aArgentina | |
| 700 | 1 | _aKosacoff, Bernardo | |
| 700 | 1 | _aBeccaria, Luis | |
| 700 | 1 | _aBezchinsky, Gabriel | |
| 700 | 1 | _aBisang, Roberto | |
| 700 | 1 | _aChudnovsky, Daniel | |
| 700 | 1 | _aGatto, Francisco | |
| 700 | 1 | _aKatz, Jorge | |
| 942 | _cBK | ||
| 998 | _cMarce | ||
| 999 |
_c6700 _d6700 |
||